Mountains Over 8000 Metres - Statistics

General Stats
  • This quiz has been taken 223 times
  • The average score is 7 of 14
Answer Stats
Mountain Height (m) Answer % Correct
8848 Everest
100%
8611 K2
97%
8586 Kangchenjunga
65%
8188 Cho Oyu
57%
8126 Nanga Parbat
56%
8051 Broad Peak
55%
8485 Makalu
50%
8163 Manaslu
49%
8080 Gasherbrum I
45%
8035 Gasherbrum II
45%
8091 Annapurna I
37%
8027 Shishapangma
35%
8167 Dhaulagiri I
19%
8516 Lhoste
10%
No matching quizzes found
Score Distribution
Percent of People with Each Score
Percentile by Number Answered
Your Score History
You have not taken this quiz